|
|
|
|
| LEADER |
01967nam a2200481 a 4500 |
| 001 |
nkc20081817851 |
| 003 |
CZ PrNK |
| 005 |
20081114112547.0 |
| 007 |
ta |
| 008 |
080903s2008 xr a e f 000 0 eng |
| 015 |
|
|
|a cnb001817851
|
| 020 |
|
|
|a 978-80-86416-73-1
|q (brož.)
|
| 035 |
|
|
|a (OCoLC)271611180
|
| 040 |
|
|
|a BOA001
|b cze
|d ABA001
|
| 041 |
1 |
|
|a eng
|h cze
|
| 043 |
|
|
|a e-gx---
|
| 072 |
|
7 |
|a 623
|x Vojenská technika
|2 Konspekt
|9 19
|
| 080 |
|
|
|a 623.421.3
|2 MRF
|
| 080 |
|
|
|a (430)
|2 MRF
|
| 080 |
|
|
|a (084.12)
|2 MRF
|
| 100 |
1 |
|
|a Kořán, František,
|d 1963-
|7 jn20001103188
|4 aut
|
| 245 |
1 |
0 |
|a sFH-18 Family in detail :
|b WWII German sFH-18 and sFH-36 15 cm field howitzers and his variants in World Military Museums Collections : photo manual for modelers /
|c [František Kořán, Jan Horák, Petr Doležal ; translate Jiří Bumbálek]
|
| 246 |
3 |
0 |
|a WWII German sFH-18 and sFH-36 15 cm field howitzers and his variants in World Military Museums Collections
|
| 250 |
|
|
|a 1st ed.
|
| 260 |
|
|
|a Prague :
|b RAK,
|c c2008
|
| 300 |
|
|
|a 71 s. :
|b il. (převážně barev.) ;
|c 23 x 25 cm
|
| 490 |
1 |
|
|a WWP - Wings & wheels publications ;
|v R 047
|
| 500 |
|
|
|a Obálkový podnázev: WWII German sFH-18 15 cm field howitzer and his variants in World Military Museums Collections
|
| 500 |
|
|
|a Přeloženo z češtiny
|
| 650 |
0 |
7 |
|a sFH-18 (houfnice)
|7 ph482800
|2 czenas
|
| 650 |
0 |
7 |
|a houfnice
|7 ph211952
|z Německo
|2 czenas
|
| 650 |
0 |
9 |
|a sFH-18
|2 eczenas
|
| 650 |
0 |
9 |
|a howitzers
|z Germany
|2 eczenas
|
| 655 |
|
7 |
|a fotografické publikace
|7 fd132276
|2 czenas
|
| 655 |
|
9 |
|a photographical works
|2 eczenas
|
| 700 |
1 |
|
|a Horák, Jan
|7 mzk2006322901
|4 aut
|
| 700 |
1 |
|
|a Doležal, Petr,
|d 1976-
|7 mzk2008469263
|4 aut
|
| 830 |
|
0 |
|a WWP - Wings & wheels publications
|0 s
|
| 910 |
2 |
|
|a BOA001
|b 2-1210.555
|
| 990 |
|
|
|a BK
|
| 995 |
|
|
|a 01
|
| 991 |
|
|
|b 200809
|c NOV
|
| 996 |
6 |
|
|b 2610353445
|c 2-1210.555
|l MZK
|r Sklad / do 1 hodiny
|n 0
|p p.v.
|w 000911327
|u 000010
|a 1
|e BOA001
|j MZK50
|s P
|